Statystyki dla Państwa z roszczeniami terytorialnymi na Antarktydzie

Kliknij tutaj aby rozwiązać quiz!

Ogólne statystyki

  • Ten quiz został rozwiązany 24 razy
  • Średni wynik to 6 z 7

Statystyki odpowiedzi

HintOdpowiedź% Poprawnych
1Argentyna
92%
3Chile
88%
2Australia
83%
5Nowa Zelandia
83%
7Wielka Brytania
83%
6Norwegia
79%
4Francja
71%

Rozkład punktacji

Percentyl według liczby udzielonych odpowiedzi

Procent ludzi z każdym wynikiem

Twoja historia wyników

Nie rozwiązałeś tego quizu